Visual C++ 6 : The Complete Reference (Record no. 15689)

MARC details
000 -LEADER
fixed length control field 00398nam a2200157Ia 4500
008 - FIXED-LENGTH DATA ELEMENTS--GENERAL INFORMATION
fixed length control field 221030s9999 xx 000 0 und d
020 ## - INTERNATIONAL STANDARD BOOK NUMBER
ISBN 0074638106
041 ## - LANGUAGE CODE
Language code of text/sound track or separate title
100 ## - MAIN ENTRY--AUTHOR NAME
Personal name C. H. Pappas
245 #0 - TITLE STATEMENT
Title Visual C++ 6 : The Complete Reference
Statement of responsibility, etc by C. H. Pappas, W. H. Murray
260 ## - PUBLICATION, DISTRIBUTION, ETC. (IMPRINT)
Name of publisher TMH
Place of publication New Delhi
Year of publication 2012
300 ## - PHYSICAL DESCRIPTION
Number of Pages 1015
650 ## - SUBJECT ADDED ENTRY--TOPICAL TERM
Topical Term IT
700 ## - ADDED ENTRY--PERSONAL NAME
Personal name W. H. Murray
942 ## - ADDED ENTRY ELEMENTS (KOHA)
Koha item type Books
Holdings
Accession Number Cost, normal purchase price Bill Date Source of acquisition Price effective from Koha item type Withdrawn / writtenoff status Materials specified (bound volume or other part) Damaged status Not for loan Permanent Location Current Location Shelving location Date acquired Lost/ Missing status department
BE 14260 790.00 3935 RKB 10/30/2022 Books   Print   Not For Loan MIET Library, Jammu MIET Library, Jammu BL-Academic Block B, FL-2, CUP-116, SH-4, R-4 10/31/2015   BE
BE 14261 790.00 3935 RKB 10/30/2022 Books   Print     MIET Library, Jammu MIET Library, Jammu BL-Academic Block B, FL-2, CUP-155, SH-4, R-4 10/31/2015   BE
BE 14262 790.00 3935 RKB 10/30/2022 Books   Print     MIET Library, Jammu MIET Library, Jammu BL-Academic Block B, FL-2, CUP-155, SH-4, R-4 10/31/2015   BE